[Event "EuJun"]
[Site "Baku AZE"]
[Date "2002.07.18"]
[Round "5"]
[White "Mamedov,Rau"]
[Black "Mastrovasilis,D"]
[Result "1/2-1/2"]
[WhiteElo "2358"]
[BlackElo "2462"]

1.e4 c5 2.Nf3 e6 3.d4 cxd4 4.Nxd4 Nc6 5.Nc3 Qc7 6.Be3 a6 7.Bd3 Nf6 8.O-O h5
9.h3 b5 10.Nxc6 Qxc6 11.a3 Bb7 12.Re1 h4 13.Bd4 Be7 14.Qe2 Rc8 15.Rad1 Kf8
16.Rd2 Bd6 17.Qf3 Qc7 18.Rdd1 Bh2+ 19.Kh1 Be5 20.Bxe5 Qxe5 21.Qe3 g5 22.Be2 Rc5
23.Bf3 Rc7 24.Qb6 Kg7 25.Nd5 exd5 26.exd5 Qf4 27.Rd4 Nxd5 28.Bxd5 Qxf2 29.Qxc7 Qxe1+
30.Kh2 Rc8 31.Qxd7 Qg3+ 32.Kh1 Qe1+ 33.Kh2 Qe5+ 34.Kh1 Rc7 35.Qd8 Rc8 36.Qd7 Bxd5
37.Qxd5 Qe1+ 38.Kh2 Qg3+ 39.Kh1 Qe1+ 40.Kh2 Qg3+ 41.Kh1 Rxc2 42.Rd1 Qf4 43.b3 Rc3
44.Kg1 Qe3+ 45.Kh1 Rc5 46.Qd6 Rf5 47.Qxa6 Qxb3 48.Qd6 Qg3 49.Qd4+ Kh7 50.Qe4 Qe5
51.Qxe5 Rxe5 52.Kg1 Kg6 53.Rd4 Re1+ 54.Kf2 Rb1 55.a4 b4 56.a5 Ra1 57.Rxb4 Rxa5  1/2-1/2

[Event "XVIII Open"]
[Site "Ferrol ESP"]
[Date "2002.07.18"]
[Round "2"]
[White "Perez Mauricio,X"]
[Black "Vazquez,R"]
[Result "0-1"]
[WhiteElo "2084"]
[BlackElo "2406"]

1.e4 c5 2.Nf3 e6 3.d4 cxd4 4.Nxd4 Nc6 5.Nc3 a6 6.Be2 Qc7 7.Be3 Nf6 8.O-O Be7
9.f4 d6 10.Kh1 O-O 11.a4 Re8 12.Bf3 Rb8 13.Nb3 b6 14.g4 Na5 15.Nxa5 bxa5
16.Rb1 Rb4 17.Qe2 Bb7 18.Bd2 d5 19.e5 Ne4 20.Nxe4 dxe4 21.Bg2 Rxa4 22.Rfc1 Rc8
23.Be3 Rc4 24.c3 Bd5 25.Rd1 Bc5 26.Rd2 a4 27.Rbd1 Bxe3 28.Qxe3 a3 29.bxa3 Rxc3
30.Qe2 Qc4 31.Qxc4 R8xc4 32.Kg1 Rxa3 33.Rd4 Rxd4 34.Rxd4 h5 35.gxh5 Ra1+
36.Bf1 e3  0-1

[Event "Open Aegean Ch"]
[Site "Ikaros GRE"]
[Date "2002.07.18"]
[Round "6"]
[White "Antoniewski,R"]
[Black "Rychagov,A"]
[Result "1-0"]
[WhiteElo "2465"]
[BlackElo "2537"]

1.e4 c5 2.Nf3 e6 3.d4 cxd4 4.Nxd4 Nc6 5.Nc3 Qc7 6.Be2 a6 7.Be3 Nf6 8.a3 Be7
9.f4 d6 10.g4 Nxd4 11.Bxd4 e5 12.Bf2 exf4 13.g5 Nd7 14.Nd5 Qd8 15.h4 O-O
16.Qd2 f3 17.Bxf3 Ne5 18.Be2 Be6 19.O-O-O Bxd5 20.Qxd5 Qc7 21.Kb1 Rac8 22.c3 Qc6
23.Bg3 Qxd5 24.Rxd5 f6 25.gxf6 gxf6 26.Bf4 Kh8 27.Bf1 Rg8 28.Bh3 Rc7 29.h5 Bf8
30.Ka2 Be7 31.Rf1 Re8 32.Be3 Rg8 33.Bf4 Re8 34.Bg3 Rc4 35.Bf5 Rg8 36.Bh4 Rg2
37.Rf2 Rxf2 38.Bxf2 Bf8 39.Rd1 Nf3 40.Bg3 Rc6 41.Be6 Kg7 42.Bf4 Ng5 43.Bxg5 fxg5
44.Rf1 h6 45.Rf7+ Kg8 46.Rxb7+ Kh8 47.Rf7 Bg7 48.Bf5 Kg8 49.Rd7 Be5 50.Kb3 Rb6+
51.Kc2 Rc6 52.Kd3 Rc5 53.Be6+ Kh8 54.Ra7 a5 55.Rb7 Bf6 56.Rb8+ Kg7 57.Rg8+ Kh7
58.Rg6  1-0

[Event "Open Aegean Ch"]
[Site "Ikaros GRE"]
[Date "2002.07.18"]
[Round "6"]
[White "Stoumbos,K"]
[Black "Shavtvaladze,N"]
[Result "1-0"]
[WhiteElo "2144"]
[BlackElo "2399"]

1.e4 c5 2.Nf3 e6 3.d4 cxd4 4.Nxd4 Nc6 5.Nc3 Qc7 6.Be3 a6 7.Bd3 Nf6 8.O-O Bd6
9.f4 Nxd4 10.e5 Bc5 11.exf6 Nf5 12.Bxf5 Bxe3+ 13.Kh1 gxf6 14.Qg4 d5 15.Rae1 Qc5
16.Qg7 Rf8 17.Bxh7 Bd7 18.Nxd5 Qxd5 19.Rxe3 f5 20.Qg5 Qc5 21.Rfe1 Qe7 22.Bxf5 Qxg5
23.fxg5 O-O-O 24.Be4 Bb5 25.c4 Be8 26.Rb3 Bc6 27.Bxc6 bxc6 28.Rb6 Rd2 29.c5 Kc7
30.h3 Rc2 31.g6 Rxc5 32.Rxa6 fxg6 33.Rxe6 g5 34.Ra7+ Kb6 35.Ree7 Kb5 36.Rab7+ Kc4
37.Rb3 Kd4 38.Ree3 Rf1+ 39.Kh2 Rd1 40.Rg3 Rd2 41.Rg4+  1-0

[Event "EuJun"]
[Site "Baku AZE"]
[Date "2002.07.19"]
[Round "6"]
[White "Stellwagen,D"]
[Black "Krupenski,Y"]
[Result "1-0"]
[WhiteElo "2464"]
[BlackElo "2240"]

1.e4 c5 2.Nf3 Nc6 3.d4 cxd4 4.Nxd4 e6 5.Nc3 a6 6.Be2 d6 7.O-O Nf6 8.Be3 Be7
9.f4 O-O 10.Qe1 Bd7 11.Qg3 b5 12.a3 Nxd4 13.Bxd4 Bc6 14.Rae1 Qb8 15.Bd3 b4
16.Nd1 g6 17.axb4 Qxb4 18.c3 Qb7 19.Nf2 Qxb2 20.Qg5 Nd5 21.Qh6 Nf6 22.Re3 Rfe8
23.Rh3 e5 24.fxe5 dxe5 25.Ng4 Nh5 26.Rxh5 gxh5 27.Rxf7  1-0

[Event "24th Politiken Cup"]
[Site "Copenhagen DEN"]
[Date "2002.07.19"]
[Round "5"]
[White "Hector,J"]
[Black "Tozer,R"]
[Result "1-0"]
[WhiteElo "2562"]
[BlackElo "2312"]

1.e4 c5 2.Nf3 Nc6 3.d4 cxd4 4.Nxd4 e6 5.Nc3 Qc7 6.Be3 a6 7.Bd3 b5 8.Nxc6 Qxc6
9.O-O Bb7 10.Kh1 Nf6 11.f3 d6 12.Qd2 Be7 13.a4 bxa4 14.Rxa4 O-O 15.Rfa1 Rfc8
16.Qe2 d5 17.exd5 Nxd5 18.Nxd5 Qxd5 19.Bxa6 Bxa6 20.Rxa6 Rxa6 21.Rxa6 Qe5
22.Ra7 Bd6 23.f4 Qxb2 24.Qa6 Qb1+ 25.Bg1 Qb8 26.g3 h6 27.c4 Bc5 28.Rb7 Qd6
29.Qxd6 Bxd6 30.Rd7 Rc6 31.Kg2 g5 32.Kf3 Kg7 33.h4 gxf4 34.gxf4 h5 35.Bd4+ Kg6
36.Ke4 f6 37.f5+  1-0

[Event "Battle of Senta Open"]
[Site "Senta YUG"]
[Date "2002.07.19"]
[Round "1"]
[White "Popovic,Du"]
[Black "Zakic,Z"]
[Result "1-0"]
[WhiteElo "2363"]
[BlackElo "2090"]

1.e4 c5 2.Nf3 Nc6 3.d4 cxd4 4.Nxd4 e6 5.Nc3 a6 6.Be3 Qc7 7.Qd2 b5 8.O-O-O Nf6
9.Bf4 Qb6 10.e5 Qxd4 11.Qxd4 Nxd4 12.Rxd4 Nh5 13.Be3 Bb7 14.Be2 g6 15.Rhd1 O-O-O
16.g4 Ng7 17.Bg5 Bc5 18.Rf4 Rdf8 19.b4 Bb6 20.Be7 Ne8 21.Bxf8 Rxf8 22.Bf3 Bxf3
23.Rxf3 f5 24.exf6 Rxf6 25.Rxf6 Nxf6 26.f3 Kc7 27.Kb2 Kc6 28.a4 h6 29.axb5+ axb5
30.Ra1 Bd4 31.Ra6+ Kb7 32.Ra5 Kc6 33.Kb3 Bxc3 34.Kxc3 Nd5+ 35.Kb3 Nb6 36.Ra1 g5
37.Kc3 Nd5+ 38.Kd2 Nc7 39.c3 e5 40.Kd3 d5 41.h4 Kd6 42.Ke3 Kc6 43.Rh1 Ne6
44.hxg5 hxg5 45.Rh6 Kd7 46.Rf6 Ke7 47.Rf5 Kd6 48.Kd3 Nf4+ 49.Kd2 Ne6 50.Ke3 d4+
51.cxd4 Nxd4 52.Ke4  1-0

[Event "Lasker Mem Open"]
[Site "Barlinek POL"]
[Date "2002.07.20"]
[Round "2"]
[White "Andreev,Ed"]
[Black "Brodsky,M"]
[Result "1/2-1/2"]
[WhiteElo "2463"]
[BlackElo "2539"]

1.e4 c5 2.Nf3 e6 3.d4 cxd4 4.Nxd4 Nc6 5.Nc3 Qc7 6.Be3 a6 7.Bd3 b5 8.Nxc6 Qxc6
9.O-O Bb7 10.f3 Bc5 11.Qe1 Ne7 12.Bxc5 Qxc5+ 13.Kh1 O-O 14.a3 d5 15.b4 Qc7
16.exd5 Nxd5  1/2-1/2

[Event "SCCF State Ch"]
[Site "Costa Mesa USA"]
[Date "2002.07.20"]
[Round "5"]
[White "Khachian,M"]
[Black "Peters,Joh"]
[Result "0-1"]
[WhiteElo "2477"]
[BlackElo "2456"]

1.e4 c5 2.Nf3 Nc6 3.d4 cxd4 4.Nxd4 e6 5.Nc3 a6 6.Be2 Nge7 7.f4 Nxd4 8.Qxd4 Nc6
9.Qf2 d5 10.exd5 exd5 11.O-O d4 12.Ne4 Be6 13.f5 Bd5 14.Bd3 f6 15.Qg3 Qb6
16.Nd6+ Kd7 17.Nc4 Qc5 18.b3 Nb4 19.Ba3 Rd8 20.Kh1 Qc7 21.Qe1 Nxd3 22.cxd3 Re8
23.Qf2 Bxa3 24.Nxa3 Re3 25.Nc2 Rh3 26.Qf4 Qxc2 27.Rf2 Qc7  0-1

[Event "25th Open"]
[Site "Ghent BEL"]
[Date "2002.07.20"]
[Round "2"]
[White "Gaponenko,I"]
[Black "Brasser,P"]
[Result "1-0"]
[WhiteElo "2415"]
[BlackElo "2153"]

1.e4 c5 2.Nf3 Nc6 3.Nc3 e6 4.d4 cxd4 5.Nxd4 d6 6.Be3 Nf6 7.f3 a6 8.Qd2 Qc7
9.g4 b5 10.O-O-O Bb7 11.Kb1 Rc8 12.g5 Nd7 13.Bd3 Nde5 14.Qf2 Nxd4 15.Bxd4 Nc4
16.Bxc4 Qxc4 17.Rhe1 a5 18.f4 a4 19.h4 a3 20.b3 Qb4 21.Rd3 Qa5 22.Qg3 b4
23.Nd1 Qc7 24.Rd2 Rg8 25.h5 Be7 26.Nf2 Bd8 27.Nd3 Qa5 28.Qg4 Bb6 29.Ba1 Ke7
30.f5 f6 31.h6 e5 32.hxg7 Bd8 33.gxf6+ Kxf6 34.Nxe5 dxe5 35.Rd7  1-0

[Event "TCh-POL Jun"]
[Site "Laczna POL"]
[Date "2002.07.20"]
[Round "7"]
[White "Kwiatkowski,M"]
[Black "Kunicki,M"]
[Result "1/2-1/2"]
[WhiteElo "2061"]
[BlackElo "2147"]

1.e4 c5 2.Nf3 e6 3.d4 cxd4 4.Nxd4 Nc6 5.Nc3 Qc7 6.Be2 a6 7.Nxc6 dxc6 8.a4 Bc5
9.O-O e5 10.Kh1 Nf6 11.Bg5 h6 12.Bxf6 gxf6 13.Bg4 Ke7 14.Bxc8 Raxc8 15.Qe2 Rcg8
16.Rad1 Bd4 17.Qf3 Rd8 18.b3 Bxc3 19.Qxc3 Qb6 20.Kg1 Rxd1 21.Rxd1 Rd8 22.Rd3 Rxd3
23.Qxd3 Qb4 24.g3 b5 25.axb5 cxb5 26.Kf1  1/2-1/2

[Event "KB Czech Open"]
[Site "Pardubice CZE"]
[Date "2002.07.20"]
[Round "2"]
[White "Hracek,Z"]
[Black "Kim,A"]
[Result "1/2-1/2"]
[WhiteElo "2600"]
[BlackElo "2407"]

1.e4 c5 2.Nf3 e6 3.d4 cxd4 4.Nxd4 Nc6 5.Nc3 Qc7 6.Be2 a6 7.O-O Nf6 8.Be3 Be7
9.f4 d6 10.Qe1 O-O 11.Qg3 Nxd4 12.Bxd4 b5 13.a3 Bb7 14.Rae1 Rad8 15.Kh1 Bc6
16.Bd3 Nh5 17.Qh3 e5 18.Qxh5 exd4 19.Ne2 g6 20.Qg4 Bf6 21.f5 Qd7 22.Nf4 Kh8
23.Rf3 Rg8 24.Qh3 Be5 25.Nd5 g5 26.Qh6 Bxd5 27.exd5 f6 28.Rxe5 fxe5 29.f6 Rdf8
30.Bf5 Qc7 31.Rh3 Rf7 32.Rh5 g4 33.Kg1 Qa7 34.Kh1 Qc7 35.Rh4 a5 36.Kg1  1/2-1/2

[Event "KB Czech Open"]
[Site "Pardubice CZE"]
[Date "2002.07.20"]
[Round "2"]
[White "Livshits,G"]
[Black "Vorobiov,E"]
[Result "1-0"]
[WhiteElo "2380"]
[BlackElo "2542"]

1.e4 c5 2.Nc3 Nc6 3.Nge2 e6 4.d4 cxd4 5.Nxd4 Qc7 6.g3 a6 7.Bg2 Nf6 8.O-O Be7
9.Be3 O-O 10.f4 d6 11.h3 Bd7 12.Kh2 Nxd4 13.Bxd4 Bc6 14.Qe2 Rad8 15.a4 e5
16.Bg1 exf4 17.gxf4 Rfe8 18.Qc4 Rc8 19.a5 Bf8 20.Qd3 g6 21.Bb6 Qe7 22.Rae1 Bh6
23.e5 dxe5 24.fxe5 Bxg2 25.Kxg2 Nh5 26.Kh1 Qe6 27.Rf3 f6 28.Ne4 fxe5 29.Nd6 Bf4
30.Qb3 Ng3+ 31.Kg1 Qxb3 32.cxb3 Rf8 33.Nxc8 Rxc8 34.Rc3 Re8 35.Rc4 e4 36.Bf2 e3
37.Rxf4 exf2+ 38.Kxf2  1-0

[Event "KB Czech Open"]
[Site "Pardubice CZE"]
[Date "2002.07.20"]
[Round "2"]
[White "Kislov,M"]
[Black "Jakovenko,D"]
[Result "0-1"]
[WhiteElo "2390"]
[BlackElo "2552"]

1.e4 c5 2.Nf3 e6 3.d4 cxd4 4.Nxd4 Nc6 5.Nc3 Qc7 6.Be3 a6 7.Be2 Nf6 8.O-O Be7
9.f4 d6 10.Bf3 O-O 11.Qe2 Bd7 12.Rad1 Rac8 13.g4 Nxd4 14.Bxd4 e5 15.Bf2 Be6
16.g5 Nd7 17.f5 Bc4 18.Qd2 Bxf1 19.Rxf1 Nb6 20.Kh1 Bd8 21.Qc1 Qc4 22.f6 Na4
23.Nd5 Qxc2 24.Qe3 Nxb2 25.Bg4 Rc4 26.Bf5 Qd3 27.Re1 Nd1  0-1

[Event "Battle of Senta Open"]
[Site "Senta YUG"]
[Date "2002.07.20"]
[Round "2"]
[White "Brajic,M"]
[Black "Arsovic,Z"]
[Result "0-1"]
[WhiteElo "2241"]
[BlackElo "2410"]

1.e4 c5 2.Nf3 e6 3.d4 cxd4 4.Nxd4 Nc6 5.Nc3 d6 6.Be2 Nf6 7.O-O Be7 8.Kh1 O-O
9.Be3 e5 10.Nxc6 bxc6 11.f4 exf4 12.Bxf4 Ne8 13.Bd3 Be6 14.Ne2 Bf6 15.c3 c5
16.Ng3 g6 17.Qe2 Be5 18.Bc4 Nc7 19.Bxe5 dxe5 20.Rad1 Qg5 21.Nf5 gxf5 22.exf5 Bxc4
23.Qxc4 Rad8 24.Qxc5 Rxd1 25.Rxd1 Rd8 26.Rg1 Nd5 27.c4 Qe7 28.Qf2 Nf4 29.c5 Qg5
30.Qc2 Nh5 31.Qe4 Ng7 32.Qxe5 Qxf5 33.Qc3 Ne6 34.b4 a6 35.Qg3+ Qg6 36.Qb3 Nf4
37.Qf3 Rd4 38.a3  0-1

[Event "KB Czech Open"]
[Site "Pardubice CZE"]
[Date "2002.07.21"]
[Round "3"]
[White "Nataf,IA"]
[Black "Vavra,P1"]
[Result "1-0"]
[WhiteElo "2560"]
[BlackElo "2390"]

1.e4 c5 2.Nf3 Nc6 3.Nc3 e6 4.d4 cxd4 5.Nxd4 a6 6.Be2 Qb6 7.Nxc6 bxc6 8.O-O d5
9.Na4 Qa5 10.c4 dxe4 11.Bd2 Qc7 12.c5 Nf6 13.Nb6 Ra7 14.Qa4 Bb7 15.Qd4 a5
16.Nc4 Qd7 17.Qe5 Bc8 18.Bxa5 Be7 19.Rfd1 Qb7 20.Rd8+ Bxd8 21.Nd6+ Kd7 22.Nxb7 Bxb7
23.Rd1+ Nd5 24.Qxg7 Rxa5 25.Qxh8 Ke7 26.Qxh7 Nf6 27.Qh4 Bc7 28.g4 Ra8 29.g5 Rg8
30.Kf1 Nd5 31.g6+ Nf6 32.Rd7+ Kxd7 33.Qxf6 Re8 34.Qxf7+ Re7 35.Qf6  1-0

[Event "EuJun"]
[Site "Baku AZE"]
[Date "2002.07.22"]
[Round "9"]
[White "Mamedov,Rau"]
[Black "Aroshidze,L"]
[Result "1/2-1/2"]
[WhiteElo "2358"]
[BlackElo "2345"]

1.e4 c5 2.Nf3 e6 3.d4 cxd4 4.Nxd4 Nc6 5.Nc3 Qc7 6.Be3 Nf6 7.Bd3 a6 8.O-O Ne5
9.Nf3 Nfg4 10.Nxe5 Nxe3 11.Qh5 g6 12.Qf3 Qxe5 13.fxe3 f6 14.Qxf6 Qxf6 15.Rxf6 Bg7
16.Rf3 b5 17.Raf1 Rf8 18.Rh3 Rxf1+ 19.Kxf1 h6 20.e5 g5 21.Ne4 Ke7 22.Nc5 b4
23.b3 a5 24.Bg6 Ba6+ 25.Nxa6 Rxa6 26.Rf3 Bxe5 27.Rf7+ Kd6 28.Bd3 Ra8 29.g3 Kc6
30.Ke2 a4 31.Rh7 axb3 32.axb3 Rh8 33.Re7 h5  1/2-1/2

[Event "KB Czech Open"]
[Site "Pardubice CZE"]
[Date "2002.07.22"]
[Round "4"]
[White "Karnik,P"]
[Black "Vorobiov,E"]
[Result "0-1"]
[WhiteElo "2372"]
[BlackElo "2542"]

1.e4 c5 2.Nf3 e6 3.Nc3 Nc6 4.d4 cxd4 5.Nxd4 Qc7 6.g3 a6 7.a4 Nf6 8.Bg2 Nxd4
9.Qxd4 Bc5 10.Qd3 Ng4 11.O-O h5 12.Qe2 Ne5 13.h3 b5 14.Kh1 Bb7 15.f4 Ng4
16.Bf3 g5 17.e5 O-O-O 18.Ne4 Kb8 19.fxg5 Bd4 20.Bg2 Bxe5 21.hxg4 hxg4+ 22.Kg1 d5
23.Nf6 Bxg3 24.Nxg4 Rh4 25.Be3 Bh2+ 26.Kh1 Bg3+ 27.Kg1 Bh2+ 28.Kh1 Bf4+ 29.Kg1 Bxe3+
30.Nxe3 Qh2+ 31.Kf2 d4 32.Rg1 dxe3+ 33.Qxe3 Rf4+ 34.Ke1 Qh4+ 35.Ke2 Rf2+  0-1

[Event "TCh-POL Jun"]
[Site "Laczna POL"]
[Date "2002.07.23"]
[Round "11"]
[White "Czakon,J"]
[Black "Gajewski,G"]
[Result "0-1"]
[WhiteElo "2332"]
[BlackElo "2388"]

1.e4 c5 2.Nf3 e6 3.d4 cxd4 4.Nxd4 Nc6 5.Nc3 Qc7 6.Be3 a6 7.Qd2 Nf6 8.f3 b5
9.Nxc6 dxc6 10.O-O-O e5 11.Qf2 Be6 12.Bb6 Qb7 13.Bc5 Bxc5 14.Qxc5 Nd7 15.Qd6 Rc8
16.Be2 Qc7 17.a4 Qxd6 18.Rxd6 Ke7 19.Rhd1 Rhd8 20.a5 Nb8 21.Rxd8 Rxd8 22.Rxd8 Kxd8
23.b4 Nd7 24.Nd1 c5 25.c3 Nb8 26.Kb2 Nc6 27.bxc5 Nxa5 28.Ka3 Bc4 29.Bxc4 Nxc4+
30.Ka2 Kd7 31.Nf2 Kc6 32.Nd3 a5 33.Ka1 f6 34.f4 exf4 35.Nxf4 Nd2 36.Ne6 Nxe4
37.Kb2 g5 38.Kc2 Nxc5 39.Nf8 h6 40.Nh7 Nd7  0-1

[Event "KB Czech Open"]
[Site "Pardubice CZE"]
[Date "2002.07.23"]
[Round "5"]
[White "Macieja,B"]
[Black "Votava,J"]
[Result "1/2-1/2"]
[WhiteElo "2607"]
[BlackElo "2511"]

1.e4 c5 2.Nc3 e6 3.Nf3 Nc6 4.d4 cxd4 5.Nxd4 Qc7 6.Be2 a6 7.O-O Nf6 8.Be3 d6
9.f4 Be7 10.Qe1 O-O 11.Qg3 Nxd4 12.Bxd4 b5 13.a3 Bb7 14.Rae1 d5 15.e5 Ne4
16.Qe3 Nxc3 17.bxc3 Rae8 18.g4 f6 19.exf6 Bxf6 20.Bd3 g6 21.g5 Bg7 22.h4 Bc8
23.Re2 e5 24.fxe5 Rxf1+ 25.Kxf1 Bg4 26.Rf2 Qe7 27.Rf4 Be6 28.Qf3 Rf8 29.Rxf8+ Qxf8
30.Ke2 Qxa3 31.h5 Qe7 32.hxg6 hxg6 33.Qf4 Qf7 34.Ke3 Bf8 35.Qf6 Kh7 36.Kf4 Qxf6+
37.exf6 Bd6+ 38.Be5 Ba3 39.Bd4 Bc1+ 40.Ke5 Bf7 41.Kd6 Bxg5 42.Ke7 Kg8 43.Kd7 Bc1
44.Kc6 Bb2 45.Kb6 b4 46.Kxa6 Bxc3 47.Bxc3 bxc3 48.Kb5 g5 49.Bf5 Be8+ 50.Kc5 Kf7
51.Kxd5 Kxf6 52.Bg4 Bg6 53.Kd4 Bxc2 54.Kxc3 Bf5 55.Bh5 Ke5 56.Kd2 Kf4 57.Ke1 Bg4
58.Bf7 Kg3 59.Kf1 Kh2 60.Kf2 Bh3 61.Bh5 g4 62.Bxg4 Bxg4  1/2-1/2

[Event "Macedonian Open"]
[Site "Struga MKD"]
[Date "2002.07.24"]
[Round "5"]
[White "Hadzi Poposki,Z"]
[Black "Simovski,G"]
[Result "1/2-1/2"]
[WhiteElo "2197"]
[BlackElo "2235"]

1.e4 c5 2.Nc3 e6 3.Nf3 Nc6 4.d4 cxd4 5.Nxd4 a6 6.Be3 Nf6 7.Be2 Qc7 8.O-O d6
9.f4 Be7 10.Bf3 Bd7  1/2-1/2

[Event "ch-TUR"]
[Site "Ankara TUR"]
[Date "2002.07.25"]
[Round "2"]
[White "Romi,I"]
[Black "Atakisi,U"]
[Result "0-1"]
[WhiteElo "2128"]
[BlackElo "2361"]

1.e4 c5 2.Nf3 Nc6 3.Nc3 e6 4.d4 cxd4 5.Nxd4 Nf6 6.Ndb5 d6 7.Bf4 e5 8.Bg5 a6
9.Na3 b5 10.Bxf6 gxf6 11.Nd5 Bg7 12.c3 f5 13.exf5 Bxf5 14.Nc2 O-O 15.Nce3 Bd7
16.Bd3 f5 17.Bc2 Kh8 18.O-O e4 19.f4 b4 20.Ba4 Rb8 21.Bxc6 Bxc6 22.Nxb4 Qb6
23.Qd2 Bb7 24.Rab1 a5 25.Nc2 Ba6 26.Rfe1 Bd3 27.Kh1 Qc5 28.Nd1 d5 29.Rc1 Rfc8
30.Nf2 Bxc2 31.Qxc2 d4 32.Nd1 Qc4 33.b3 Qc7 34.Qf2 Qd6 35.c4 a4 36.bxa4 Qa3
37.Qc2 Qb4 38.Nf2 d3 39.Nxd3 exd3 40.Qxd3 Re8 41.Rxe8+ Rxe8 42.h3 Qc5 43.Rb1 Qf2
44.Qxf5 Bd4 45.Rd1 Re1+ 46.Kh2 Qg1+ 47.Kg3 Qe3+ 48.Kh2 Qg1+ 49.Kg3 Bf2+ 50.Kg4 Qxg2+
51.Kh5 Qg6+  0-1

[Event "XVIII Open"]
[Site "Ferrol ESP"]
[Date "2002.07.25"]
[Round "9"]
[White "Luther,T"]
[Black "Paunovic,D"]
[Result "1/2-1/2"]
[WhiteElo "2551"]
[BlackElo "2514"]

1.e4 c5 2.Nf3 e6 3.d4 cxd4 4.Nxd4 Nc6 5.Nc3 Qc7 6.f4 a6 7.Nxc6 Qxc6 8.Bd3 b5
9.Qe2 Bb7 10.Bd2 Bb4 11.O-O-O Nf6 12.Rhe1 O-O 13.e5 Bxc3 14.Bxc3 Nd5 15.Bd2 Rfc8
16.Qh5 g6 17.Qh6 b4 18.g4 Qa4 19.f5 Qxa2 20.Bg5 Qa1+ 21.Kd2 Qxb2 22.f6 Rxc2+
23.Bxc2 Qc3+ 24.Kc1 Qa3+ 25.Kd2 Qc3+  1/2-1/2

[Event "Capital of Siberia Open"]
[Site "Novosibirsk RUS"]
[Date "2002.07.25"]
[Round "7"]
[White "Bibko,I"]
[Black "Zarezenko,I"]
[Result "1/2-1/2"]
[WhiteElo "2336"]
[BlackElo "2296"]

1.e4 c5 2.Nf3 e6 3.d4 cxd4 4.Nxd4 Nc6 5.Nc3 Qc7 6.Be2 a6 7.O-O Nf6 8.Be3 Be7
9.f4 d6 10.Qe1 O-O 11.Qg3 Nxd4 12.Bxd4 b5 13.e5 Ne8 14.Bd3 dxe5 15.fxe5 Bb7
16.Ne4 Bxe4 17.Bxe4 Rd8 18.c3 Bc5 19.Bxc5 Qxc5+ 20.Kh1 g6 21.Qf4 Ng7 22.g4 Rd7
23.Rf3 Rfd8 24.Raf1 Ne8 25.Rh3 Qf8 26.Qg5 Rd1 27.Rf3  1/2-1/2

[Event "KB Czech Open"]
[Site "Pardubice CZE"]
[Date "2002.07.25"]
[Round "7"]
[White "Balabaev,T"]
[Black "Macieja,B"]
[Result "0-1"]
[WhiteElo "2441"]
[BlackElo "2607"]

1.e4 c5 2.Nf3 e6 3.d4 cxd4 4.Nxd4 Nc6 5.Nc3 Qc7 6.Be3 a6 7.Qd2 b5 8.O-O-O Nxd4
9.Qxd4 Bb7 10.e5 Rc8 11.Rd2 Bc5 12.Qf4 Qa5 13.Bxc5 Rxc5 14.Qd4 Qc7 15.f4 f6
16.Ne4 Bxe4 17.Qxe4 fxe5 18.b4 Nf6 19.Qa8+ Qc8 20.Qxc8+ Rxc8 21.fxe5 Ng4
22.a4 Rb8 23.Rd6 Nxe5 24.Rxa6 bxa4 25.Rxa4 Rf8 26.b5 Rf2 27.Re4 Nf7 28.Re2 Rf5
29.Rd2 Rc5 30.Be2 Ke7 31.Rf1 d5 32.Rf4 Nd6 33.Rg4 Ne4 34.Rd4 g6 35.Rh4 h5
36.g4 hxg4 37.Rxg4 Kf6 38.Bd3 Ke5 39.Rb4 Nf2 40.Rg5+ Kd6 41.Bxg6 Rbxb5 42.Rxb5 Rxb5
43.h4 Rb4 44.h5 Rh4 45.Bf7 Nh3 46.Rg7 Nf4 47.Rh7 e5 48.Bg6 e4 49.Kd2 Rh3
50.Rd7+ Kxd7 51.Bf5+ Kd6 52.Bxh3 Nxh3 53.h6 Ng5  0-1

[Event "Macedonian Open"]
[Site "Struga MKD"]
[Date "2002.07.25"]
[Round "6"]
[White "Ilic,Ljubo"]
[Black "Andreeski,D"]
[Result "1-0"]
[WhiteElo "2312"]
[BlackElo "2105"]

1.e4 c5 2.Nf3 e6 3.d4 cxd4 4.Nxd4 Nc6 5.Nc3 Qc7 6.f4 a6 7.Nxc6 Qxc6 8.Bd3 b5
9.Qe2 Bb7 10.Bd2 Bc5 11.O-O-O Ne7 12.Qh5 g6 13.Qg5 h6 14.Qf6 Rf8 15.Qh4 b4
16.Ne2 h5 17.Kb1 O-O-O 18.c3 bxc3 19.Bxc3 Kb8 20.Nd4 Qb6 21.Nb3 Nc6 22.Nxc5 Qxc5
23.Rhe1 Nb4 24.Bf1 f5 25.a3 Nc6 26.e5 Qe7 27.Qg3 Qf7 28.Rd6 Na7 29.Bxa6 Nc8
30.Bb4 Nxd6 31.Bxd6+ Ka8 32.Bxb7+  1-0

[Event "Lost Boys Open"]
[Site "Amsterdam NED"]
[Date "2002.07.26"]
[Round "1"]
[White "Geirnaert,S"]
[Black "Daly,C"]
[Result "1-0"]
[WhiteElo "2160"]
[BlackElo "2338"]

1.e4 c5 2.Nf3 e6 3.d4 cxd4 4.Nxd4 Nc6 5.Nc3 d6 6.Be2 Nf6 7.Be3 Be7 8.Nb3 a6
9.f4 O-O 10.g4 b5 11.Bf3 Bb7 12.g5 Nd7 13.h4 Rc8 14.Qe2 Na5 15.Nxa5 Qxa5
16.h5 b4 17.Nd1 b3+ 18.c3 Nc5 19.Bd2 Qxa2 20.Rc1 a5 21.g6 fxg6 22.hxg6 hxg6
23.c4 a4 24.Bb4 d5 25.O-O d4 26.Bg4 Rfe8 27.Nf2 d3 28.Qd2 a3 29.Bxa3 Ra8
30.Ra1 Rxa3 31.Rxa2 Rxa2 32.Rb1 Bh4 33.Qb4 Bxf2+ 34.Kxf2 Nxe4+ 35.Ke3 e5
36.Qxb7 exf4+ 37.Kd4 Nd2 38.Qd5+ Kf8 39.Qd6+ Kf7 40.Qxf4+ Kg8 41.Qxd2 Raa8
42.Bf3  1-0

[Event "24th Politiken Cup"]
[Site "Copenhagen DEN"]
[Date "2002.07.26"]
[Round "11"]
[White "Mortensen,E"]
[Black "Tozer,R"]
[Result "1-0"]
[WhiteElo "2450"]
[BlackElo "2312"]

1.e4 c5 2.Nf3 Nc6 3.d4 cxd4 4.Nxd4 e6 5.Nc3 Qc7 6.Be2 a6 7.O-O b5 8.Nxc6 dxc6
9.a4 b4 10.Nb1 Bb7 11.Nd2 c5 12.f4 Nf6 13.e5 Nd5 14.Nc4 g6 15.a5 Be7 16.Bd3 O-O
17.Bd2 Bc6 18.Qg4 Rad8 19.b3 Nc3 20.Bxc3 bxc3 21.Qe2 Rd4 22.Qe1 Qb7 23.Rf2 Qb4
24.g3 Rfd8 25.Qe3 Ba8 26.h4 Bc6 27.h5 Bb5 28.Qf3 Rxd3 29.cxd3 Qxb3 30.Rc1 c2
31.Nd6 Bxd3 32.h6 Qd5 33.Qe3 Bxd6 34.exd6 Rxd6 35.Rd2 c4 36.Rcxc2 Qb5 37.Rb2 Qxa5
38.Rb8+ Rd8 39.Qe5 f6  1-0

[Event "6th Open"]
[Site "Korinthos GRE"]
[Date "2002.07.26"]
[Round "4"]
[White "Gershon,A"]
[Black "Managadze,N"]
[Result "1/2-1/2"]
[WhiteElo "2556"]
[BlackElo "2428"]

1.e4 c5 2.Nf3 e6 3.d4 cxd4 4.Nxd4 Nc6 5.Nc3 Qc7 6.Nb3 a6 7.Bd3 d6 8.f4 Nf6
9.Qf3 b5 10.Be3 Bb7 11.Qh3 Na5 12.O-O Nc4 13.Rae1 Nxe3 14.Rxe3 Be7 15.Kh1 b4
16.Ne2 e5 17.c3 bxc3 18.Nxc3 O-O 19.Rg3 Kh8 20.fxe5 dxe5 21.Rgf3 Rad8 22.Nd5 Qd7
23.Qxd7 Rxd7 24.Nxe7 Rxe7 25.Nc5 a5 26.Nxb7 Rxb7 27.b3 Rc7 28.Bc4 Nxe4 29.Rxf7 Rcxf7
30.Rxf7 Rxf7 31.Bxf7 g6 32.g3 Kg7 33.Bc4 Kf6 34.Kg2 Nc3 35.a3 e4 36.Kf2 Ke5
37.Ke3 Nb1 38.Bg8 Nxa3 39.Bxh7 Nc2+ 40.Kd2 Nd4 41.Bxg6 Nxb3+ 42.Kc3 Nd4 43.Bxe4 Kxe4
44.Kc4  1/2-1/2

[Event "Lost Boys Open"]
[Site "Amsterdam NED"]
[Date "2002.07.27"]
[Round "2"]
[White "Wemmers,X"]
[Black "Hendriks,W"]
[Result "0-1"]
[WhiteElo "2274"]
[BlackElo "2410"]

1.e4 c5 2.Nf3 Nc6 3.d4 cxd4 4.Nxd4 e6 5.Nc3 Qc7 6.Nxc6 bxc6 7.Bd3 Nf6 8.O-O Be7
9.b3 O-O 10.Bb2 e5 11.Qe2 d6 12.Na4 Be6 13.c4 Nd7 14.Rac1 Rfe8 15.Nc3 Nc5
16.Nd5 Qb7 17.Nxe7+ Qxe7 18.Bb1 a5 19.Rfd1 Red8 20.Rd2 Rd7 21.Rcd1 f6 22.Ba3 Nb7
23.f4 c5 24.f5 Bf7 25.g4 Ra7 26.Qd3 Qd8 27.Kh1 a4 28.b4 cxb4 29.Bxb4 Na5
30.c5 Nc6 31.a3 dxc5 32.Qxd7 Rxd7 33.Rxd7 Qb6 34.Be1 Nd4 35.Bc3 h6 36.Bd3 Bb3
37.Rb1 Qc6 38.Rd8+ Kf7 39.Kg2 c4  0-1

[Event "6th Open"]
[Site "Korinthos GRE"]
[Date "2002.07.27"]
[Round "5"]
[White "Markidis,K"]
[Black "Gershon,A"]
[Result "1/2-1/2"]
[WhiteElo "2362"]
[BlackElo "2556"]

1.e4 c5 2.Nf3 e6 3.d4 cxd4 4.Nxd4 Nc6 5.Nc3 Qc7 6.g3 a6 7.Bg2 d6 8.O-O Bd7
9.Re1 Be7 10.Nxc6 Bxc6 11.Bf4 e5 12.Be3 Nf6 13.Bg5 O-O 14.Bxf6 Bxf6 15.Re2 Bd8
16.Nd5 Bxd5 17.Qxd5 Qb6 18.c3 Bc7 19.Rd1 a5 20.a4 Rad8 21.Red2 Qa7 22.Rd3 g6
23.Rf3 Bb6 24.Rd2 Kg7 25.g4 Bc5 26.Bf1 b6 27.Bc4 Qe7 28.h3 Rd7 29.Kg2 Rc7
30.b3 Qg5 31.Rg3 h5 32.gxh5 Qxh5 33.Rdd3 Qh6 34.Rdf3 Re7 35.Rg4 Kh7 36.Rf6 Kg7
37.Rf3 Qc1 38.Rgg3 Qe1 39.Rg4 f6 40.Rgg3 Kh6 41.Rg4  1/2-1/2

[Event "Capital of Siberia Open"]
[Site "Novosibirsk RUS"]
[Date "2002.07.27"]
[Round "9"]
[White "Bibko,I"]
[Black "Kornienko,S"]
[Result "1-0"]
[WhiteElo "2336"]
[BlackElo "2193"]

1.e4 c5 2.Nf3 Nc6 3.d4 cxd4 4.Nxd4 e6 5.Nc3 Qc7 6.Be2 a6 7.O-O Nf6 8.Be3 Be7
9.f4 d6 10.Qe1 O-O 11.Qg3 Nxd4 12.Bxd4 b5 13.a3 Bb7 14.Rae1 Bc6 15.Bd3 Rad8
16.Kh1 Qb7 17.Qh3 g6 18.f5 e5 19.Be3 Qd7 20.Bg5 h5 21.Qh4 Kg7 22.Re3 Rb8
23.Nd5 Bxd5 24.exd5 Qd8 25.Rg3 e4 26.fxg6 fxg6 27.Bh6+ Kh7 28.Bxf8 Qxf8 29.Bxe4 Nxe4
30.Rxf8 Nxg3+ 31.hxg3 Bxh4 32.Rxb8  1-0

[Event "Capital of Siberia Open"]
[Site "Novosibirsk RUS"]
[Date "2002.07.27"]
[Round "9"]
[White "Okladnikov,G"]
[Black "Zarezenko,I"]
[Result "0-1"]
[WhiteElo "2203"]
[BlackElo "2296"]

1.e4 c5 2.Nf3 e6 3.d4 cxd4 4.Nxd4 Nc6 5.Nc3 Qc7 6.Be3 a6 7.Be2 Nf6 8.O-O Be7
9.f4 d6 10.Qe1 O-O 11.Qg3 Nxd4 12.Bxd4 b5 13.a3 Bb7 14.Bf3 Rae8 15.Kh1 Kh8
16.Rad1 Rd8 17.Rfe1 Rg8 18.Rd3 d5 19.e5 Ne4 20.Nxe4 dxe4 21.Rc3 Qb8 22.Bxe4 Rxd4
23.Bxh7 g6 24.Qh3 Rxf4 25.Bxg8+ Kxg8 26.Qe3 Re4 27.Qg3 Bh4  0-1